00371nam a2200145Ia 4500008004100000020001500041082001600056100001400072245005100086250000800137260002700145300001300172500002500185650001500210230524s9999 xx 000 0 und d a8125918302 a658.45bARO aM.N.arora 2aA Text Book of Cost And Management Accounting a8TH aNEW DELHIbVikasc2008 aXIV;22.5 aQuantity Number: 20 aManagement